LEADER 01012nam0-22003491i-450- 001 990008288840403321 005 20091119151721.0 010 $a88-86123-36-1 035 $a000828884 035 $aFED01000828884 035 $a(Aleph)000828884FED01 035 $a000828884 100 $a20060307d1997----km-y0itaa50------ba 101 0 $aita 102 $aIT 200 1 $a<>telelavoro$efuturo dei giovani e delle imprese$fPietro Predieri, Antonio Curti, Sandra Bonora$gprefazione di Adriana Galgano 210 $aImola$cLa mandragora$d©1997 215 $a93 p.$d21 cm. 610 0 $aTelelavoro 676 $a331.25$v21$zita 676 $a658.312$v21$zita 700 1$aPredieri,$bPietro$0499931 701 1$aCurti,$bAntonio$0499932 701 1$aBonora,$bSandra$0499933 702 1$aGalgano,$bAdriana 801 0$aIT$bUNINA$gRICA$2UNIMARC 901 $aBK 912 $a990008288840403321 952 $a331.25 PRE 1$b8048$fBFS 959 $aBFS 996 $aTelelavoro$9740856 997 $aUNINA LEADER 01371nam0 22003253i 450 001 SUN0061708 005 20100526120000.0 010 $a88-339-0868-2 100 $a20071018d1994 |0itac50 ba 101 $aita 102 $aIT 105 $a|||| ||||| 200 1 $aMetodo e prassi nella storia dell'arte$fOtto Pacht 205 $aTorino : Bollati Boringhieri$b1994 210 $aXV$d150 p., [2] c. di tav. : ill. ; 23 cm 215 $aTrad. di Flavio Cuniberto. 410 1$1001SUN0035379$12001 $aNuova cultura$v38$1210 $aTorino$cBollati Boringhieri. 454 1$1001SUN0079845$12001 $aMethodisches zur kunsthistorischen Praxis$925202 606 $aStoriografia artistica$xMetodo$2FI$3SUNC022453 620 $dTorino$3SUNL000001 676 $a707.2$v21 700 1$aPächt$b, Otto$3SUNV050549$0389029 712 $aBollati Boringhieri$3SUNV000104$4650 790 1$aPacht, Otto$zPächt, Otto$3SUNV048731 801 $aIT$bSOL$c20181109$gRICA 912 $aSUN0061708 950 $aUFFICIO DI BIBLIOTECA DEL DIPARTIMENTO DI LETTERE E BENI CULTURALI$d07 CONS Kc 1617 $e07 5096 995 $aUFFICIO DI BIBLIOTECA DEL DIPARTIMENTO DI LETTERE E BENI CULTURALI$bIT-CE0103$h5096$kCONS Kc 1617$oc$qa 996 $aMethodisches zur kunsthistorischen Praxis$925202 997 $aUNICAMPANIA